[Event "Belgrade-chT Quality"]
[Site "Belgrade"]
[Date "2011.11.04"]
[Round "11"]
[White "Veljkovic, Milic"]
[Black "Popovic, Predrag V"]
[Result "1-0"]
[WhiteElo "2237"]
[BlackElo "2164"]
[PlyCount "55"]
[EventDate "2011.10.15"]
[EventType "team-swiss"]
[EventRounds "11"]
[EventCountry "SRB"]
[SourceTitle "EXT 2012"]
[Source "ChessBase"]
[SourceDate "2011.11.24"]
[SourceVersion "1"]
[SourceVersionDate "2011.11.24"]
[SourceQuality "1"]

1. e4 e5 2. Nf3 Nc6 3. Nc3 Nge7 4. Bc4 h6 5. Nd5 d6 6. d4 Bg4 7. dxe5 Bxf3 8. gxf3 Nxe5 9. Bb3 Nxd5 10. Bxd5 c6 11. Bb3 Qf6 12. f4 Ng6 13. Qg4 Nh4 14. c3 g5 15. Be3 Qe7 16. 0-0-0 h5 17. Qxg5 Bh6 18. Qxe7+ Kxe7 19. Kc2 Ng2 20. Bd4 Rhg8 21. e5 Bxf4 22. exd6+ Bxd6 23. Bf6+ Kxf6 24. Rxd6+ Ke5 25. Rd7 Rg7 26. f4+ Kxf4 27. Rf1+ Ke4 28. Re7# 1-0

[Event "Belgrade-chT Quality"]
[Site "Belgrade"]
[Date "2011.10.15"]
[Round "1"]
[White "Lukovic, Vladimir"]
[Black "Veljkovic, Milic"]
[Result "1-0"]
[WhiteElo "2278"]
[BlackElo "2237"]
[PlyCount "79"]
[EventDate "2011.10.15"]
[EventType "team-swiss"]
[EventRounds "11"]
[EventCountry "SRB"]
[SourceTitle "EXT 2012"]
[Source "ChessBase"]
[SourceDate "2011.11.24"]
[SourceVersion "1"]
[SourceVersionDate "2011.11.24"]
[SourceQuality "1"]

1. e4 d6 2. d4 Nf6 3. Nc3 g6 4. g3 Bg7 5. Bg2 0-0 6. Nge2 c6 7. a4 Na6 8. h3 Be6 9. 0-0 Bc4 10. Be3 e5 11. Re1 Re8 12. f4 Nb4 13. Qd2 Qe7 14. g4 Bxe2 15. Rxe2 exd4 16. Bxd4 c5 17. Bf2 Nc6 18. g5 Nh5 19. Nd5 Qd8 20. c3 Ne7 21. Nxe7+ Qxe7 22. Bf3 Qe6 23. f5 Qc4 24. f6 Bf8 25. Ra3 Qe6 26. Bg4 Qe5 27. Bxh5 gxh5 28. c4 Rad8 29. Rd3 a6 30. Kg2 Qe6 31. Rd5 b5 32. axb5 axb5 33. cxb5 Rb8 34. Qd3 Rb7 35. h4 Reb8 36. e5 Rxb5 37. exd6 c4 38. Rxe6 cxd3 39. Rxb5 Rxb5 40. d7 1-0

[Event "SRB-chT quality"]
[Site "Belgrade"]
[Date "2010.10.17"]
[Round "4"]
[White "Jakovljevic, Zivota"]
[Black "Veljkovic, Milic"]
[Result "1-0"]
[WhiteElo "2150"]
[BlackElo "2234"]
[PlyCount "30"]
[EventDate "2010.10.09"]
[EventType "team-tourn"]
[EventRounds "11"]
[EventCountry "YUG"]
[SourceTitle "EXT 2011"]
[Source "ChessBase"]
[SourceDate "2010.11.26"]
[SourceVersion "1"]
[SourceVersionDate "2010.11.26"]
[SourceQuality "1"]

1. d4 d5 2. c4 Bf5 3. Nc3 Nf6 4. cxd5 Nxd5 5. Qb3 Nxc3 6. bxc3 b6 7. f3 Be6 8. Qc2 Bc4 9. Bf4 e6 10. e4 Bxf1 11. Kxf1 Bd6 12. e5 Be7 13. Ne2 0-0 14. Qe4 Qd5 15. Qd3 f6 1-0

[Event "SRB-chT quality"]
[Site "Belgrade"]
[Date "2010.10.16"]
[Round "3"]
[White "Veljkovic, Milic"]
[Black "Hrzic, Ivan"]
[Result "1/2-1/2"]
[WhiteElo "2234"]
[BlackElo "2273"]
[PlyCount "40"]
[EventDate "2010.10.09"]
[EventType "team-tourn"]
[EventRounds "11"]
[EventCountry "YUG"]
[SourceTitle "EXT 2011"]
[Source "ChessBase"]
[SourceDate "2010.11.26"]
[SourceVersion "1"]
[SourceVersionDate "2010.11.26"]
[SourceQuality "1"]

1. e4 Nc6 2. Nc3 Nf6 3. Nf3 d6 4. h3 d5 5. e5 d4 6. exf6 dxc3 7. fxg7 cxd2+ 8. Qxd2 Bxg7 9. Qxd8+ Nxd8 10. c3 Be6 11. Bf4 c6 12. Bd3 Bd5 13. 0-0 Ne6 14. Be3 Bxf3 15. gxf3 Bf6 16. Rfd1 Nf8 17. Kf1 Nd7 18. Rd2 Nb6 19. a4 Nd5 20. Be4 Nxe3+ 1/2-1/2

[Event "Belgrade-chT Quality"]
[Site "Belgrade"]
[Date "2009.11.03"]
[Round "11"]
[White "Veljkovic, Milic"]
[Black "Kokanovic, Radenko"]
[Result "1/2-1/2"]
[WhiteElo "2240"]
[BlackElo "2340"]
[PlyCount "30"]
[EventDate "2009.10.11"]
[EventType "team-tourn"]
[EventRounds "11"]
[EventCountry "YUG"]
[SourceTitle "CBM 133 Extra"]
[Source "ChessBase"]
[SourceDate "2010.01.05"]
[SourceVersion "1"]
[SourceVersionDate "2010.01.05"]
[SourceQuality "1"]

1. e4 e5 2. Nf3 Nc6 3. Nc3 Nf6 4. d4 Bb4 5. Nxe5 d5 6. Bb5 Bd7 7. Nxd7 Qxd7 8. 0-0 Bxc3 9. bxc3 Nxe4 10. f3 Nd6 11. Re1+ Kf8 12. Ba3 h5 13. Qd2 Kg8 14. Bxd6 Qxd6 15. Re2 Nd8 1/2-1/2

[Event "Belgrade-chT Quality"]
[Site "Belgrade"]
[Date "2009.10.29"]
[Round "7"]
[White "Hrzic, Ivan"]
[Black "Veljkovic, Milic"]
[Result "1-0"]
[WhiteElo "2260"]
[BlackElo "2240"]
[PlyCount "73"]
[EventDate "2009.10.11"]
[EventType "team-tourn"]
[EventRounds "11"]
[EventCountry "YUG"]
[SourceTitle "CBM 133 Extra"]
[Source "ChessBase"]
[SourceDate "2010.01.05"]
[SourceVersion "1"]
[SourceVersionDate "2010.01.05"]
[SourceQuality "1"]

1. d4 d5 2. c4 Bf5 3. Nc3 Nf6 4. e3 e6 5. Nf3 Nc6 6. a3 Be7 7. Be2 0-0 8. Nh4 Be4 9. f3 Bg6 10. Nxg6 hxg6 11. c5 e5 12. 0-0 exd4 13. exd4 Nh7 14. Be3 Bf6 15. f4 Re8 16. Bf2 Nf8 17. Bf3 Ne6 18. Ne2 Qd7 19. b4 a6 20. g4 g5 21. h4 gxf4 22. g5 Bd8 23. Qd3 Ne7 24. Bg4 Qb5 25. Qf3 Qc6 26. Nxf4 Nxf4 27. Qxf4 Ng6 28. Qf3 Re4 29. Bg3 Qe8 30. Rae1 c6 31. Bf5 Re7 32. h5 Nf8 33. g6 fxg6 34. hxg6 Nxg6 35. Qh5 Re3 36. Rxe3 Qxe3+ 37. Bf2 1-0

[Event "YUG-chT"]
[Site "Vrnjacka Banja"]
[Date "1996.??.??"]
[Round "?"]
[White "Veljkovic, Milic"]
[Black "Tasic, Vladimir"]
[Result "1/2-1/2"]
[WhiteElo "2270"]
[BlackElo "2150"]
[PlyCount "38"]
[EventDate "1996.??.??"]
[EventType "team"]
[EventRounds "11"]
[EventCountry "YUG"]
[SourceTitle "EXT 2000"]
[Source "ChessBase"]
[SourceDate "1999.11.16"]
[SourceVersion "1"]
[SourceVersionDate "1999.11.16"]
[SourceQuality "1"]

1. e4 c5 2. Nf3 Nc6 3. Bb5 g6 4. 0-0 Bg7 5. h3 Nf6 6. Re1 0-0 7. c3 a6 8. Bf1 e5 9. d4 d6 10. a4 b6 11. Na3 Qc7 12. Nc4 h6 13. a5 b5 14. Nb6 Rb8 15. Nd5 Qd8 16. Nxf6+ Qxf6 17. d5 Nd8 18. Nh2 Kh7 19. Bd3 Qh4 1/2-1/2

[Event "Nis op"]
[Site "Nis"]
[Date "1993.??.??"]
[Round "?"]
[White "Veljkovic, Milic"]
[Black "Djokic, Nenad"]
[Result "1-0"]
[WhiteElo "2280"]
[BlackElo "2295"]
[PlyCount "33"]
[EventDate "1993.12.??"]
[EventType "swiss"]
[EventRounds "9"]
[EventCountry "YUG"]
[SourceTitle "EXT 1997"]
[Source "ChessBase"]
[SourceDate "1996.11.15"]
[SourceVersion "1"]
[SourceVersionDate "1996.11.15"]
[SourceQuality "1"]

1. e4 c5 2. f4 Nc6 3. Nf3 d5 4. e5 d4 5. Bc4 e6 6. 0-0 Nh6 7. d3 Be7 8. Nbd2 a6 9. a4 Rb8 10. Ne4 0-0 11. Nfg5 Bd7 12. Qh5 Qe8 13. Qh3 Nd8 14. Rf3 Bc6 15. Rg3 Kh8 16. Bd2 b5 17. Nf6 1-0

[Event "Nis op"]
[Site "Nis"]
[Date "1993.??.??"]
[Round "?"]
[White "Veljkovic, Milic"]
[Black "Jovic, Stanoje"]
[Result "0-1"]
[WhiteElo "2280"]
[BlackElo "2270"]
[PlyCount "80"]
[EventDate "1993.12.??"]
[EventType "swiss"]
[EventRounds "9"]
[EventCountry "YUG"]
[SourceTitle "EXT 1997"]
[Source "ChessBase"]
[SourceDate "1996.11.15"]
[SourceVersion "1"]
[SourceVersionDate "1996.11.15"]
[SourceQuality "1"]

1. e4 c6 2. g3 d5 3. Bg2 dxe4 4. Bxe4 Nf6 5. Bf3 e5 6. d3 Bc5 7. Nc3 0-0 8. Bg5 Qb6 9. Qd2 Bxf2+ 10. Ke2 Bxg1 11. Raxg1 Ng4 12. Nd1 f6 13. h3 fxg5 14. hxg4 Qd8 15. Rh5 Qf6 16. Qe3 h6 17. Nf2 Nd7 18. Rgh1 Nc5 19. c3 Be6 20. b4 e4 21. Bxe4 Nxe4 22. dxe4 Rad8 23. R5h2 Bc4+ 24. Ke1 Qe5 25. a4 Rf6 26. a5 Rfd6 27. Rh5 b6 28. axb6 axb6 29. R5h2 c5 30. bxc5 bxc5 31. Rh5 R8d7 32. Rg1 Rd3 33. Nxd3 Rxd3 34. Qxd3 Bxd3 35. Kd2 c4 36. Rh2 Qxe4 37. Re1 Qxg4 38. Re3 Qd7 39. Ke1 Qa7 40. Re8+ Kf7 0-1